Jazdná dynamika virtuálneho modelu vozidla E-up Boost

Salvato in:
Dettagli Bibliografici
Autore principale: Ballo, Matej (Autore)
Altri autori: Bucha, Jozef (Relatore della tesi)
Natura: Manoscritto Libro
Lingua:slovacco
Pubblicazione: 2020
Soggetti:
Accesso online:http://is.stuba.sk/zp/portal_zp.pl?podrobnosti=150564
Tags: Aggiungi Tag
Nessun Tag, puoi essere il primo ad aggiungerne!!

MARC

LEADER 00000ntm a22000003a 4500
001 stuzp81424
003 SK-STU
005 20200711211141.7
007 ta
008 150427s2015----xo-----f-mn---000-0-slo-d
040 |a STU  |b slo 
041 0 |a slo 
100 1 |a Ballo, Matej  |u 020030  |k Z4  |4 aut  |U SjF Strojnícka fakulta  |T SjF Ústav dopravnej techniky a konštruovania  |X 81332  |U J0030  |Y 806  |7 81332 
242 0 1 |a Driving dynamics of the virtual vehicle model E-up Boost  |y eng 
245 1 0 |a Jazdná dynamika virtuálneho modelu vozidla E-up Boost 
260 |c 2020 
650 4 |a simulation  |2 eng 
650 4 |a ADAMS/Car  |2 eng 
650 4 |a vehicle´s virtual model  |2 eng 
650 4 |a virtuálny model vozidla  |2 slo 
650 4 |a simulácia  |2 slo 
650 4 |a ADAMS/Car  |2 slo 
700 1 |a Bucha, Jozef  |u 020030  |k Z1  |4 ths  |U SjF Strojnícka fakulta  |T SjF Ústav dopravnej techniky a konštruovania  |X 70878  |U J0030  |Y 806  |7 A000070878 
856 4 |u http://is.stuba.sk/zp/portal_zp.pl?podrobnosti=150564